| 000 | 00617nam a2200217Ia 4500 | ||
|---|---|---|---|
| 008 | 150909s9999 xx 000 0 und d | ||
| 041 | _aEnglish | ||
| 082 | _a338.1 | ||
| 082 | _bFOO/PU | ||
| 100 | _aFoopd and Agriculture Organizations | ||
| 100 | _eCompiler | ||
| 245 | _aPulping and paper - making properties of fast grawing plantation wood species .V .2 | ||
| 260 | _aU S A | ||
| 260 | _bFood and Agriculture Organization | ||
| 260 | _c1980 | ||
| 300 | _a396 Pages | ||
| 365 | _aUSD.35.00 | ||
| 650 | _aagricultural development | ||
| 650 | _aAgricultural economics | ||
| 942 | _cBK | ||
| 999 |
_c234038 _d234038 |
||